Kids - MGMT (all lyrics) - Statistics

General Stats
  • This quiz has been taken 91 times
  • The average score is 151 of 221
Answer Stats
Answer % Correct
a
97%
A
97%
You
94%
you
94%
on
92%
We
92%
your
92%
I
89%
to
88%
it
86%
were
86%
what
84%
child
81%
from
81%
need
80%
take
80%
knees
78%
only
78%
the
77%
The
77%
yourself,
77%
be
75%
is
75%
of
75%
for
73%
crawlin'
72%
but
67%
But
67%
Control
66%
family
66%
trees
66%
no
63%
so
63%
too
63%
haunted
59%
me
58%
voice
58%
loud
56%
baby
55%
cryin'
55%
time
55%
born
53%
like
53%
laughin'
52%
Makin'
52%
off
52%
proud,
52%
think
52%
consequences
50%
it's
50%
insects
48%
plants,
48%
wantin'
48%
attention
47%
mama
47%
out
47%
shivers
47%
toward
47%
watch
45%
pick
44%
warm,
44%
not
42%
water
42%
and
38%
lookin'
38%
sendin'
38%
guess
36%
mirror
36%
this
36%
Decision
34%
lot,
33%
through
33%
are
31%
hurt
30%
thought
30%
fogged
27%
one,
27%
(Five,
25%
four,
25%
made
25%
three,
25%
two,
25%
wouldn't
25%
memories
23%
fade
22%
decisions
20%
bought
16%
ah!)
11%
No matching quizzes found
Score Distribution
Percent of People with Each Score
Percentile by Number Answered
Your Score History
You have not taken this quiz